Представление документа в формате MARC21

Поле Инд. ПП Название Значение
Тип записи a
Библиографический уровень b
001 Контрольный номер RU/IS/BASE/354119498
005 Дата корректировки 20200625193617.7
008 Кодируемые данные 20110322
040 b Код языка каталог. rus
e Правила каталог. PSBO
041 0_ a Код языка текста rus
084 a Индекс другой классификации/Индекс ББК 60.54-3; 71.054.5; 60.524.224.67
100 1_ a Автор Лещенко Т. А.
q Полное имя Лещенко Татьяна Анатольевна
100 1_ a Автор Павлюк Н. Я.
q Полное имя Павлюк Николай Яковлевич
245 10 a Заглавие Связи с общественностью как системообразующий элемент субкультуры бизнес-сообщества: социологический аспект
504 a Библиография Библиогр.: с. 189 - 190
520 a Аннотация В статье представлен анализ социального института связей с общественностью в современном культурном контексте, который характеризуется богатством межкультурных коммуникаций, полистилизмом и субкультурным многообразием. Бизнес-сообщество определено авторами как интегральная социокультурная группа с присущей ей субкультурой. Авторы высказывают точку зрения, что в ходе многомерного социокультурного взаимодействия бизнеса с социумом связи с общественностью приобретают характер системообразующего элемента субкультуры бизнес-сообщества
650 a Основная рубрика культурология
a Основная рубрика паблик рилейшнз (связи с общественностью)
a Основная рубрика социология
a Основная рубрика социология групп
653 a Ключевые слова бизнес-сообщество
a Ключевые слова культура
a Ключевые слова многомерное культурное взаимодействие
a Ключевые слова Россия
a Ключевые слова социальное взаимодействие
a Ключевые слова социальные коммуникации
a Ключевые слова социокультурное пространство
a Ключевые слова субкультуры
773 08 t Заглавие источника Вестник Московского университета. Серия 18, Социология и политология
d Дата издания источника 2010
g Прочая информация № 4. - С. 177 - 190
w Контрольный № источника RU/IS/BASE/349533681
901 t Тип документа b